00343cam a22001217a 4500008004000000082001700040100001600057245003900073260002600112300001000138650002000148650005300168180718b1972 xxu||||| |||| 00| 0 eng d aA99 W46/W458 aWeller, Jac aWellington in Indiacby Jac Weller aLondonbLongmanc1972 a338p. aIndia - History aWellington, Arthur Wellesley Ist Duke, 1769-1852